The Aleutian Islands - Statistics

General Stats
  • This quiz has been taken 11 times
  • The average score is 2 of 12
Answer Stats
Begins with… Island % Correct
U Unalaska
78%
U Unimak
56%
U Umnak
33%
U Unga
11%
A Akun
0%
A Akutan
0%
C Chuginadak
0%
I Idalug
0%
K Korovin
0%
N Nagai
0%
S Seguam
0%
Y Yunaska
0%
No matching quizzes found
Score Distribution
Percent of People with Each Score
Percentile by Number Answered
Your Score History
You have not taken this quiz